Cartas del Clash Royale - Estadísticas

Estadísticas generales
  • Esta prueba ha sido intentada 3.110 veces
  • La puntuación promedio es 61 de 106
Estadísticas de respuestas
Calidad/Coste de elixir Carta % Correcto
Comun/1 de elixir Esqueletos
95%
Comun/ 1 de elixir Espíritu de hielo
93%
Comun/1 de elixir Espíritu de fuego
92%
Comun/ 2 de elixir Duendes
88%
Comun/ 3 de elixir Caballero
87%
Especial/ 5 de elixir Gigante
86%
Especial/ 5 de elixir Mago
85%
Épica/ 8 de elixir Golem
84%
Épica/ 7 de elixir Pekka
84%
Legendaria/ 7 de elixir Megacaballero
83%
Especial/ 4 de elixir Bola de fuego
81%
Comun/ 1 de elixir Espíritu electrico
81%
Legendaria/ 3 de elixir Mago de hielo
80%
Legendaria/ 4 de elixir Mago eléctrico
80%
Especial/ 4 de elixir Mini pekka
80%
Legendaria/ 2 de elixir Tronco
80%
Comun/ 2 de elixir Descarga
78%
Comun/ 3 de elixir Arqueras
77%
Épica/ 5 de elixir Bruja
77%
Comun/ 2 de elixir Duendes con lanza
75%
Especial/ 4 de elixir Mosquetera
74%
Épica/ 5 de elixir Príncipe
73%
Comun/ 3 de elixir Cañon
72%
Legendaria/ 3 de elixir Princesa
71%
Comun/ 5 de elixir Barbaros
70%
Comun/ 3 de elixir Flechas
70%
Especial/ 4 de elixir Montapuercos
70%
Épica/ 3 de elixir Barril de duendes
69%
Especial/ 1 de elixir Espíritu sanador
67%
Épica/ 4 de elixir Bebe dragon
66%
Comun/ 6 de elixir Gigante noble
66%
Campeón/ 5 de elixir Reina arquera
66%
Especial/ 5 de elixir Torre infernal
66%
Especial/ 9 de elixir Trio de mosqueteras
66%
Legendaria/ 4 de elixir Bruja nocturna
65%
Épica/ 3 de elixir Ejército de esqueletos
65%
Épica/ 6 de elixir Rayo
65%
Comun/ 4 de elixir Tesla
65%
Legendaria/ 4 de elixir Bruja madre
64%
Especial/ 5 de elixir Choza de duendes
64%
Especial/ 3 de elixir Golem de elixir
64%
Legendaria/ 6 de elixir Chispita
63%
Épica/ 4 de elixir Príncipe oscuro
63%
Especial/ 4 de elixir Valquiria
63%
Legendaria/ 4 de elixir Dragon infernal
62%
Comun/ 3 de elixir Esbirros
62%
Campeón/ 4 de elixir Rey esqueleto
62%
Legendaria/ 3 de elixir Bandida
61%
Especial/ 7 de elixir Choza de barbaros
61%
Especial/ 6 de elixir Cohete
61%
Épica/ 2 de elixir Furia
61%
Especial/ 2 de elixir Golem de hielo
61%
Comun/ 3 de elixir Pandilla de duendes
61%
Comun/ 2 de elixir Bola de nieve
60%
Épica/ 5 de elixir Globo
59%
Legendaria/ 4 de elixir Leñador
58%
Épica/ 8 de elixir Gigante electrico
57%
Legendaria/ 3 de elixir Minero
57%
Comun/ 6 de elixir Barbaros de elite
56%
Campeón/ 4 de elixir Caballero dorado
55%
Comun/ 2 de elixir Bombardero
54%
Épica/ 6 de elixir Esqueleto gigante
54%
Legendaria/ 7 de elixir Sabueso de lava
54%
Épica/ 5 de elixir Dragón electrico
53%
Épica/ ? de elixir Espejo
53%
Épica/ 4 de elixir Hielo
53%
Épica/ 6 de elixir Ballesta
51%
Épica/ 6 de elixir Duende gigante
51%
Épica/ 2 de elixir Barril de barbaro
50%
Épica/ 4 de elixir Veneno
50%
Comun/ 3 de elixir Lanzafuegos
49%
Especial/ 3 de elixir Lapida
49%
Especial/ 4 de elixir Torre bombardera
49%
Especial/ 3 de elixir Duende lanzadardos
48%
Comun/ 5 de elixir Horda de esbirros
48%
Comun/ 2 de elixir Murcielagos
48%
Legendaria/ 4 de elixir Arquero magico
46%
Especial/ 4 de elixir Horno
46%
Comun/ 3 de elixir Barril de esqueletos
45%
Legendaria/ 5 de elixir Cementerio
45%
Comun/ 7 de elixir Reclutas reales
44%
Especial/ 3 de elixir Terremoto
44%
Épica/ 3 de elixir Clon
43%
Comun/ 4 de elixir Mortero
42%
Especial/ 4 de elixir Curandera
38%
Épica/ 3 de elixir Guardias
38%
Especial/ 6 de elixir Recolector de elixir
38%
Legendaria/ 3 de elixir Fantasma real
37%
Comun/ 3 de elixir Paquete real
37%
Épica/ 2 de elixir Rompemuros
37%
Legendaria/ 5 de elixir Montacarneros
36%
Especial/ 5 de elixir Puercos reales
36%
Épica/ 5 de elixir Verdugo
34%
Comun/ 4 de elixir Dragones esqueleto
33%
Especial/ 3 de elixir Megaesbirro
33%
Épica/ 3 de elixir Tornado
33%
Especial/ 4 de elixir Ariete de batalla
31%
Épica/ 5 de elixir Cañón con ruedas
31%
Legendaria/ 3 de elixir Pescador
31%
Comun/ 5 de elixir Pillos
31%
Especial/ 4 de elixir Jaula del forzudo
28%
Épica/ 5 de elixir Lanzarrocas
27%
Especial/ 4 de elixir Maquina voladora
26%
Épica/ 4 de elixir Cazador
25%
Especial/ 4 de elixir Electrocutadores
20%
Épica/ 4 de elixir Excavadora de duendes
13%
No se encontraron pruebas coincidentes
Distribución de puntuación
Porcentaje de gente con cada puntuación
Porcentaje por número respondido
Historial de tus puntuaciones
No has intentado esta prueba.